Tvárnenie kombinovaných polotovarov z vysokopevných ocelí autoreferát dizertačnej práce na získanie akademického titulu doktor (Philosophiae Doctor, PhD.) v odbore doktorandského štúdia 5.2.7 Strojárske technológie a materiály

Bibliographic Details
Main Author: Činák, Michal (Author)
Format: Book
Language:Slovak
PhysicalDescription:27 s. fotogr., grafy, ilustr., tab. 21 cm
Published: Bratislava Slovenská technická univerzita, Strojnícka fakulta 2013
ISBN:9788022739733
Edition:1. vyd.
Series:Edícia kvalifikačných prác
Subjects:

MARC

LEADER 00000nam a2200000 a 4500
001 vtls010551851
003 SK-MaSNL
005 20260301214818.0
008 240318s2013 xo kda f 000 0 slo
015 |a SNBA2013/11 
020 |a 9788022739733  |q (brož.) 
035 |a 1BA7F668-509F-4FCE-9D5F-1D3503C12FAC 
035 |a urn:nbn:sk:snk-aml0qe 
035 |a urn:nbn:sk:snk-am008nv9 
040 |a SNK  |b slo  |c SNK  |e AACR2 
041 0 |a slo  |b eng  |b slo 
044 |a xo  |c SK 
072 7 |a 621  |x Strojárstvo  |2 konspekt 
080 |a 621.7.04  |2 2001 
080 |a 669.14.018.292  |2 2001 
080 |a (043.3)  |2 2001 
100 1 |a Činák, Michal  |4 aut  |9 419111 
245 1 0 |a Tvárnenie kombinovaných polotovarov z vysokopevných ocelí  |b autoreferát dizertačnej práce na získanie akademického titulu doktor (Philosophiae Doctor, PhD.) v odbore doktorandského štúdia 5.2.7 Strojárske technológie a materiály  |c Michal Činák 
250 |a 1. vyd. 
260 |a Bratislava  |b Slovenská technická univerzita, Strojnícka fakulta  |c 2013 
300 |a 27 s.  |b fotogr., grafy, ilustr., tab.  |c 21 cm 
366 |e 50 výt. Nepredajné 
490 1 |a Edícia kvalifikačných prác 
504 |a Bibliogr.: s. 27 
546 |a Res. angl. a slov. 
650 0 7 |a tvárnenie  |2 SNKPH  |9 19489 
650 0 7 |a vysokopevné ocele  |2 SNKPH  |9 320844 
650 0 7 |a Forming  |2 SNKPHeng  |9 342348 
655 7 |a dizertácie  |2 SNKPH  |9 70277 
655 7 |a Dissertations  |2 SNKPHeng  |9 303036 
810 2 |a Slovenská technická univerzita v Bratislave.  |b Strojnícka fakulta  |t Edícia kvalifikačných prác  |9 184599 
919 |a 978-80-227-3973-3 
958 |a NB 
999 |c 925992  |d 927922 
952 |a SNK  |b SNK  |y PREZ  |7 0  |p 17A1083605  |o snkSC 156542  |i snk2013/25350  |8 0  |0 0  |1 0  |4 0  |d 2013-10-18  |f 1  |l 0  |r 2025-08-18 00:00:00  |w 2026-02-24 
952 |a SNK  |b SNK  |y VYP  |7 0  |p 17A1083604  |o snkSC 156542 D1  |i snk2013/25351  |8 0  |0 0  |1 0  |4 0  |d 2013-10-18  |l 0  |r 2026-02-24 08:31:45  |w 2026-02-24